FIFA World Cup Winners by Year - Statistics

General Stats
  • This quiz has been taken 72 times
  • The average score is 21 of 22
Answer Stats
Hint Answer % Correct
1978 Argentina
97%
1986 Argentina
97%
2022 Argentina
97%
1958 Brazil
97%
1962 Brazil
97%
1970 Brazil
97%
1994 Brazil
97%
2002 Brazil
97%
1998 France
97%
2018 France
97%
2014 Germany
97%
1934 Italy
97%
1938 Italy
97%
2006 Italy
97%
2010 Spain
97%
1930 Uruguay
97%
1966 England
95%
1982 Italy
95%
1950 Uruguay
95%
1954 West Germany
74%
1974 West Germany
74%
1990 West Germany
74%
No matching quizzes found
Score Distribution
Percent of People with Each Score
Percentile by Number Answered
Your Score History
You have not taken this quiz